Studies in medieval and renaissance music

Guardat en:
Dades bibliogràfiques
Autor principal: Bukofzer, Manfred F (Autor)
Format: Llibre
Idioma:anglès
Publicat: Nueva York W.W.Norton 1950
Matèries:
Etiquetes: Afegir etiqueta
Sense etiquetes, Sigues el primer a etiquetar aquest registre!

MARC

LEADER 00000nam a2200000 a 4500
001 UCN2440
003 CL-VaPUC
008 010518e19500000US |||||||||||||||||eng|d
082 0 4 |a 780.902  |b BUK  |2 21 
100 0 |a Bukofzer, Manfred F  |e author  |9 458322 
245 1 0 |a Studies in medieval and renaissance music 
300 |a 324 p 
942 |c BK 
945 |d 20010518 00:00:00  |a crobeson 
260 |a Nueva York  |b W.W.Norton  |c 1950 
650 7 |a MUSICA HISTORIA  |2 CL-VaPUC  |9 306301 
650 0 |a Música medieval  |9 391244 
650 0 |a Música sacra  |9 306656 
650 0 |a Música renacentista  |9 391249 
583 |a last modification  |c 20010518 00:00:00  |k Rodrigo Vera 
999 |c 295541  |d 295539